00461nam a2200157Ia 4500003000400000008004100004040001600045082001700061100005100078245007400129260004800203300001100251490000500262650001700267650001900284GCL140319s9999 xx 000 0 ara d aGCL / cGCL04a614.7bا ق1 aاحمد عبدالوهاب عبدالجواد10aالقمامة ط1 / cاحمد عبدالوهاب عبدالجواد a[S.N] : bسوزانا للنشر ، c1991 a195 ص a04aالتلوث04aالقمامة